Filmographie George Miller - Statistiques

Statistiques générales
  • Ce quiz a été pris 21 fois
  • Le résultat moyen est 8 sur 11
Statistiques - réponses
Année Films % Correct
2024 Furiosa : Une saga Mad Max
100%
1979 Mad Max
100%
1981 Mad Max 2, le défi
100%
1985(co-réalisé avec George Ogilvie) Mad Max : Au-delà du dôme de tonnerre
100%
2015 Mad Max Fury : Road
100%
2006 Happy Feet
90%
2011 Happy Feet 2
85%
1998 Babe 2, le cochon dans la ville
60%
2022 Trois mille ans à t'attendre
50%
1992 Lorenzo
20%
1987 Les Sorcières d'Eastwick
15%
Aucun quiz correspondant
Distribution des résultats
% des personnes avec chaque résultat
Percentile par nombre de réponses
Votre historique - résultats
Vous n’avez pas pris ce quiz